| 000 | 00000nam##2200000za#4500 |
| 001 | 9.699411 |
| 003 | CaOODSP |
| 005 | 20210625000352 |
| 007 | cr ||||||||||| |
| 008 | 150407|1985||||xxc|||||o f|0| 0 eng|d |
| 040 | |aCaOODSP|beng |
| 043 | |an-cn--- |
| 086 | 1 |aA43-1788/1985E-PDF |
| 110 | 1 |aCanada.|bAgriculture Canada.|bResearch Branch. |
| 245 | 10|aInsects damaging corn in Eastern Canada / |h[electronic resource]|c[by] M. Hudon, W.H. Foott and P. Martel. |
| 260 | |aOttawa - Ontario : |bAgriculture Canada. |c1985. |
| 300 | |a28p.|bglossary, photographs |
| 500 | |aHistorical publication digitized by Agriculture and Agri-Food Canada. |
| 590 | |a14-11-Supp|b2014-05-21 |
| 690 | 07|aCorn|2gcpds |
| 690 | 07|aInsects|2gcpds |
| 690 | 07|aPests|2gcpds |
| 775 | 08|tInsectes nuisibles au maïs dans l'est du Canada / |w(CaOODSP)9.643398 |
| 856 | 40|ahttp://publications.gc.ca|qPDF|s2.2 MB|uhttps://publications.gc.ca/collections/collection_2014/aac-aafc/agrhist/A43-1788-1985-eng.pdf |
| 986 | |a1788/E |